| 000 | 00624nam a22001577a 4500 | ||
|---|---|---|---|
| 008 | 170309b xxu||||| |||| 00| 0 eng d | ||
| 082 |
_22016 _aUT 0705 _bD89 |
||
| 100 |
_919166 _aDumandan, Lina Riza T. |
||
| 245 |
_aAwareness And Acceptance of Vision, Mission, Goals and program Educational Objectives Among UMDC Students. _cLina Riza T. Dumandan, Keni Jun M. Pactol and Jerlyn L. Cano. |
||
| 300 |
_a41 pages; _b29 cm. |
||
| 650 | 0 |
_919167 _aEducation _vEnglish _xUndergraduate Thesis. |
|
| 700 |
_919168 _aDumandan, Lina Riza T. |
||
| 700 |
_919169 _aPactol, Keni Jun M. |
||
| 700 |
_919170 _aCano, Jerlyn L. |
||
| 942 |
_2ddc _cUT |
||
| 999 |
_c6369 _d6369 |
||